| Tag |
First Indicator |
Second Indicator |
Subfields |
| LEADER |
00000cam a2200000 4500 |
| 001 |
in00000282002 |
| 005 |
20151010083858.0 |
| 008 |
691031s1969 enkabcf b 00100 eng |
| 010 |
|
|
|a 69013688
|
| 015 |
|
|
|a B69-17362
|
| 035 |
|
|
|a (OCoLC)00022830
|
| 035 |
|
|
|9 ABG0838AM
|
| 037 |
|
|
|c 6/-/-
|
| 040 |
|
|
|a DLC
|c DLC
|d TXA
|d UtOrBLW
|
| 049 |
|
|
|a TXAM
|c [432430]
|
| 050 |
0 |
0 |
|a DS518.4
|b .L68
|
| 082 |
0 |
|
|a 327.42/052
|
| 100 |
1 |
|
|a Lowe, Peter.
|
| 245 |
1 |
0 |
|a Great Britain and Japan, 1911-15 :
|b a study of British Far Eastern policy.
|
| 264 |
|
1 |
|a London :
|b Macmillan;
|a New York :
|b St Martin's P.,
|c 1969.
|
| 300 |
|
|
|a 343 pages :
|b 10 plates, illustrations, maps, portraits ;
|c 23 cm.
|
| 336 |
|
|
|a text
|b txt
|2 rdacontent
|
| 337 |
|
|
|a unmediated
|b n
|2 rdamedia
|
| 338 |
|
|
|a volume
|b nc
|2 rdacarrier
|
| 500 |
|
|
|a Based on author's thesis, University of Wales.
|
| 504 |
|
|
|a Bibliography: pages 323-336.
|
| 650 |
|
0 |
|a Eastern question (Far East)
|
| 651 |
|
0 |
|a Great Britain
|x Foreign relations
|z Japan.
|
| 651 |
|
0 |
|a Japan
|x Foreign relations
|z Great Britain.
|
| 651 |
|
0 |
|a China
|x History
|y Revolution, 1911-1912.
|
| 999 |
|
|
|a MARS
|
| 999 |
f |
f |
|s a2abe32d-ad62-30d3-bbb6-bed529d9231e
|i 7dc6a988-c64f-3202-981a-d0cb80d060f0
|t 0
|
| 952 |
f |
f |
|p ric
|a Texas A&M University
|b Rellis Campus
|c Joint Library Facility
|d Remote Storage
|t 0
|e DS518.4 .L68
|h Library of Congress classification
|i unmediated -- volume
|m A14802057296
|
| 998 |
f |
f |
|a DS518.4 .L68
|t 0
|l Remote Storage
|